[Event "Titled Tuesday intern op 11th Apr Late"]
[Site "Chess.com INT"]
[Date "2023.04.11"]
[Round "3"]
[White "Gabriel, Robert A"]
[Black "Alimpic, Aleksa"]
[Result "0-1"]
[WhiteElo "2200"]
[BlackElo "2243"]
[PlyCount "92"]
[EventDate "2023.04.11"]
[EventType "swiss (blitz)"]
[EventRounds "11"]
[EventCountry "USA"]
[SourceTitle "CBM 213 Extra"]
[Source "ChessBase"]
[SourceDate "2023.05.31"]
[SourceVersion "1"]
[SourceVersionDate "2023.05.31"]
[SourceQuality "1"]

1. d4 Nf6 2. Nf3 e6 3. c4 d5 4. Nc3 a6 5. cxd5 exd5 6. Bg5 c6 7. Qc2 Bd6 8. Bxf6 Qxf6 9. Nxd5 Qd8 10. Nc3 0-0 11. e4 Re8 12. Bd3 h6 13. e5 Bb4 14. 0-0 c5 15. a3 Bxc3 16. bxc3 Bg4 17. Be4 Nc6 18. Bxc6 bxc6 19. Rad1 Bxf3 20. gxf3 Qg5+ 21. Kh1 Rad8 22. Qe4 Rd5 23. Rg1 Qh5 24. Qg4 Qxg4 25. fxg4 Red8 26. Rc1 cxd4 27. cxd4 Rxd4 28. Rxc6 Ra4 29. Rc3 Rd2 30. g5 hxg5 31. Rxg5 Rxf2 32. Rcg3 g6 33. e6 Rh4 34. exf7+ Kxf7 35. Rxg6 Rhxh2+ 36. Kg1 Ra2 37. Rxa6 Rhd2 38. Rf3+ Ke7 39. Re3+ Kd7 40. Re1 Rg2+ 41. Kh1 Rh2+ 42. Kg1 Rag2+ 43. Kf1 Ra2 44. Ra7+ Kc6 45. Ra6+ Kb5 46. Rg6 Rxa3 0-1

[Event "Titled Tuesday intern op 11th Apr Late"]
[Site "Chess.com INT"]
[Date "2023.04.11"]
[Round "5"]
[White "Tarnowska, Aleksandra"]
[Black "Alimpic, Aleksa"]
[Result "0-1"]
[WhiteElo "1835"]
[BlackElo "2243"]
[PlyCount "176"]
[EventDate "2023.04.11"]
[EventType "swiss (blitz)"]
[EventRounds "11"]
[EventCountry "USA"]
[SourceTitle "CBM 213 Extra"]
[Source "ChessBase"]
[SourceDate "2023.05.31"]
[SourceVersion "1"]
[SourceVersionDate "2023.05.31"]
[SourceQuality "1"]

1. e4 g6 2. d4 Bg7 3. Nc3 a6 4. Be3 b5 5. Qd2 Bb7 6. f3 d6 7. 0-0-0 Nd7 8. h4 h5 9. g4 Rc8 10. Nh3 hxg4 11. fxg4 Rxh4 12. Bg2 c5 13. Bf3 cxd4 14. Bxd4 Ne5 15. Ng5 Rxh1 16. Rxh1 Nf6 17. Nd5 Bxd5 18. exd5 Nxf3 19. Nxf3 Qd7 20. g5 Nh5 21. Bxg7 Qg4 22. Nh2 Qe4 23. Re1 Qh4 24. Bf6 Rc7 25. Qe2 Nxf6 26. gxf6 Qxf6 27. Kb1 Qg5 28. Nf3 Qf6 29. Nd2 Kd8 30. Ne4 Qe5 31. Nc3 Qxe2 32. Rxe2 Kd7 33. Ne4 Rc4 34. Ng5 f6 35. Ne6 g5 36. a3 Rh4 37. Rg2 a5 38. b3 b4 39. axb4 axb4 40. Kc1 Re4 41. Kd2 Re5 42. c4 bxc3+ 43. Kxc3 Rxd5 44. Nd4 Rc5+ 45. Kd3 e5 46. Nf5 Ke6 47. Ne3 Rb5 48. Kc3 d5 49. Rh2 d4+ 50. Kc4 Rb8 51. Ng4 Rc8+ 52. Kd3 Rc3+ 53. Kd2 Rxb3 54. Rh6 Rb2+ 55. Kd3 Rb3+ 56. Kd2 Rf3 57. Ke2 Rf4 58. Nf2 Kd5 59. Rh8 f5 60. Rd8+ Ke6 61. Re8+ Kd6 62. Rd8+ Ke7 63. Rc8 g4 64. Nd3 Re4+ 65. Kf2 Re3 66. Ne1 f4 67. Rc7+ Kd6 68. Rg7 g3+ 69. Kf1 d3 70. Rg8 Kd7 71. Rg7+ Ke8 72. Rg6 d2 73. Rd6 dxe1Q+ 74. Kg2 Qf2+ 75. Kh3 Qh2+ 76. Kg4 g2 77. Kf5 g1Q 78. Re6+ Kd7 79. Re7+ Kd8 80. Re6 Qh3+ 81. Kf6 Qxe6+ 82. Kxe6 f3 83. Kd5 Qg5 84. Kc6 e4 85. Kb6 Rb3+ 86. Ka6 Qb5+ 87. Ka7 Qb6+ 88. Ka8 Qa5# 0-1

[Event "Belgrade Gligoric 100 Ann op"]
[Site "Belgrade"]
[Date "2023.02.05"]
[Round "10"]
[White "Alimpic, Aleksa"]
[Black "Lajthajm, Borko"]
[Result "1-0"]
[WhiteElo "2243"]
[BlackElo "2336"]
[PlyCount "101"]
[EventDate "2023.02.05"]
[EventType "swiss (blitz)"]
[EventRounds "11"]
[EventCountry "SRB"]
[SourceTitle "EXT 2024"]
[Source "ChessBase"]
[SourceDate "2023.10.10"]
[SourceVersion "1"]
[SourceVersionDate "2023.10.10"]
[SourceQuality "1"]

1. d4 Nf6 2. Nf3 e6 3. c4 Bb4+ 4. Bd2 a5 5. a3 Bxd2+ 6. Qxd2 b6 7. g3 Bb7 8. Bg2 d6 9. 0-0 0-0 10. Qc2 Be4 11. Qc1 Nbd7 12. Nc3 Bc6 13. Qc2 Re8 14. e4 e5 15. d5 Bb7 16. b4 Ba6 17. Nd2 Nf8 18. Rab1 Ng6 19. bxa5 bxa5 20. Qa4 Bc8 21. Rb2 Nd7 22. Qc2 Nc5 23. Nb3 Nd7 24. Na4 Nb6 25. Nd2 Nxa4 26. Qxa4 Bd7 27. Qc2 a4 28. c5 Bc8 29. Rc1 h5 30. cxd6 Qxd6 31. Qc6 Bg4 32. Qxd6 cxd6 33. f3 Bd7 34. Bf1 Reb8 35. Rcb1 Rc8 36. Kf2 Rc3 37. Nc4 f5 38. Nxd6 fxe4 39. Nxe4 Rxa3 40. Rb8+ Rxb8 41. Rxb8+ Kf7 42. Bc4 Nf8 43. d6+ Be6 44. Ng5+ Kg6 45. Nxe6 Nd7 46. Nf8+ Nxf8 47. Rxf8 Rc3 48. Rc8 a3 49. d7 a2 50. Bxa2 Rd3 51. d8Q 1-0